Toy Story Characters - Statistics

General Stats
  • This quiz has been taken 556 times
  • The average score is 11 of 15
Answer Stats
Hint Answer % Correct
Andy's toy since Kindergarden Woody
99%
Toy that Woody is envious of Buzz Lightyear
87%
Tries to be scary Rex
87%
Kid who blows up Toys Sid
83%
He's Woody's horse Bullseye
81%
The Piggy bank Ham
81%
Toy who can rearrange his parts Mr. Potato Head
79%
Old owner was Emily Jessie
77%
The Voice of Woody Tom Hanks
72%
Andy's sister Molly
66%
Woody's____-Up Round
65%
Where the ailens comes from Pizza Planet
63%
Little Girl who gets the toys Bonnie
61%
The Voice of Buzz Tim Allen
61%
Andy's dog Buster
57%
No matching quizzes found
Score Distribution
Percent of People with Each Score
Percentile by Number Answered
Your Score History
You have not taken this quiz